Представление документа в формате RUSMARC

ПолеНазваниеЗначение
  Тип записи a
  Библиографический уровень m
001 Контрольный номер bdc24304ffdb436599cfc24649f4cc80
005 Дата корректировки 20160205134650.2
010 Индекс ISBN __
a ISBN 5-472-00215-Х
101 Язык документа 0_
a Язык текста rus
102 Страна публикации __
a Страна публикации RU
200 Заглавие и сведения об ответственности 1_
a Заглавие Международный маркетинг
b Общее обозначение материала Текст
e Сведения, относящиеся к заглавию Учебное пособие для вузов
f Первые сведения об ответственности С.В. Карпова
205 Сведения об издании __
a Основные сведения об издании 2-е изд., перераб. и доп.
210 Выходные данные 1_
a Место издания М.
c Издательство Издательство ""Экзамен"
d Дата издания 2006.
215 Физическое описание __
a Объем 288 с.
225 Серия 2_
a Серия Серия "Учебное пособие для вузов"
300 Общие примечания __
a Общие примечания Словарь английских эквивалентов: c.281-287.
610 Ключевые слова 0_
a Ключевые слова международный маркетинг
a Ключевые слова маркетинговые исследования
686 Индексы других классификаций __
a Классификационный индекс 65.298
700 Автор _1
a Фамилия Карпова
b Имя С.В.
g Полное личное имя Светлана Васильевна
801 Источник записи _0
a Страна RU
b Организация РУК
c Дата составления 05.02.2016.
g Правила каталогизации PSBO
801 Источник записи _1
a Страна RU
b Организация РУК
g Правила каталогизации PSBO
852 Данные о местонахождении __
i Авторский знак К 265
j Шифр хранения 65.298
901 Тип документа __
t Тип документа m
937 Технологическая информация __
a Создатель записи (имя) Хмырова
938 Служебная информация __
a Название организации Калининградский филиал
952 Тип литературы __
b Гриф литературы для ВШ гриф УМО
c Вид литературы учебное пособие